[Event "Turkish Women-ch Arzum 2022"]
[Site "Ayvalik"]
[Date "2022.03.07"]
[Round "4.27"]
[White "Sahin, Cagla Yudum"]
[Black "Senkal, Defne"]
[Result "1-0"]
[WhiteElo "1162"]
[BlackElo "1247"]
[Annotator "NA RC"]
[PlyCount "111"]
[EventDate "2022.03.04"]
[EventType "swiss"]
[EventCountry "TUR"]
[SourceTitle "playchess.com"]
[Source "ChessBase"]
[SourceQuality "1"]
[TimeControl "5400+30"]

1. e4 {[%emt 0:01:00]} c5 {[%emt 0:01:00]} 2. Nc3 {[%emt 0:00:00]} e6 {[%emt 0:01:30]} 3. f4 {[%emt 0:00:00]} g6 {[%emt 0:00:30]} 4. Nf3 {[%emt 0:00:30]} Bg7 {[%emt 0:01:30]} 5. Bc4 {[%emt 0:02:30]} Ne7 {[%emt 0:03:30]} 6. d3 {[%emt 0:02:30]} a6 {[%emt 0:02:30]} 7. e5 {[%emt 0:04:30]} b5 {[%emt 0:02:30]} 8. Bb3 {[%emt 0:00:30]} Bb7 {[%emt 0:08:30]} 9. a4 {[%emt 0:03:30]} Qb6 {[%emt 0:13:30]} 10. Be3 {[%emt 0:13:30]} Nf5 {[%emt 0:05:30]} 11. Bf2 {[%emt 0:00:30]} d5 {[%emt 0:02:30]} 12. exd6 {[%emt 0:08:30]} Nxd6 {[%emt 0:01:30]} 13. d4 {[%emt 0:05:30]} c4 {[%emt 0:10:30]} 14. a5 {[%emt 0:06:30]} Qc7 {[%emt 0:01:30]} 15. Ba2 {[%emt 0:01:30]} O-O {[%emt 0:00:30]} 16. O-O {[%emt 0:07:30]} Nf5 {[%emt 0:01:30]} 17. Nh4 {[%emt 0:14:30]} Nxh4 {[%emt 0:13:30]} 18. Bxh4 {[%emt 0:00:30]} Qd6 {[%emt 0:01:30]} 19. Ne2 {[%emt 0:00:30]} Nc6 {[%emt 0:01:30]} 20. c3 {[%emt 0:00:30]} Ne7 {[%emt 0:00:30]} 21. Bb1 {[%emt 0:01:30]} Qd5 {[%emt 0:04:30]} 22. Rf2 {[%emt 0:00:30]} Nf5 {[%emt 0:00:30]} 23. Bxf5 {[%emt 0:00:30]} Qxf5 {[%emt 0:01:30]} 24. Qd2 {[%emt 0:01:30]} Qh5 {[%emt 0:00:32]} 25. Be7 {[%emt 0:04:35]} Rfe8 {[%emt 0:00:28]} 26. Bc5 {[%emt 0:00:44]} Rad8 {[%emt 0:00:30]} 27. Qe3 {[%emt 0:00:50]} Qf5 {[%emt 0:02:45]} 28. Ng3 {[%emt 0:00:51]} Qd5 {[%emt 0:00:56]} 29. Re1 {[%emt 0:00:48]} Qd7 {[%emt 0:01:34]} 30. Ne4 {[%emt 0:00:33]} Bxe4 {[%emt 0:00:27]} 31. Qxe4 {[%emt 0:00:07]} Qd5 {[%emt 0:00:26]} 32. Qxd5 {[%emt 0:00:17]} exd5 {[%emt 0:01:47]} 33. Rfe2 {[%emt 0:00:15]} Rxe2 {[%emt 0:01:18]} 34. Rxe2 {[%emt 0:00:30]} Bh6 {[%emt 0:00:00]} 35. g3 {[%emt 0:00:00]} Bf8 {[%emt 0:02:56]} 36. Bb6 {[%emt 0:00:59]} Rc8 {[%emt 0:08:38]} 37. Re5 {[%emt 0:00:14]} b4 {[%emt 0:01:15]} 38. Rxd5 {[%emt 0:00:23]} b3 {[%emt 0:00:24]} 39. Bc5 {[%emt 0:01:48]} Bxc5 {[%emt 0:01:40]} 40. Rxc5 {[%emt 0:00:51]} Rxc5 {[%emt 0:01:13]} 41. dxc5 {[%emt 0:00:30]} Kf8 {[%emt 0:00:00]} 42. Kf2 {[%emt 0:00:11]} Ke7 {[%emt 0:00:22]} 43. Ke3 {[%emt 0:00:00]} Kd7 {[%emt 0:00:56]} 44. Kd4 {[%emt 0:00:00]} Kc7 {[%emt 0:00:51]} 45. Kxc4 {[%emt 0:00:04]} Kc6 {[%emt 0:00:03]} 46. h4 {[%emt 0:00:30]} h6 {[%emt 0:00:53]} 47. g4 {[%emt 0:00:30]} f6 {[%emt 0:00:28]} 48. g5 {[%emt 0:00:30]} fxg5 {[%emt 0:00:09]} 49. fxg5 {[%emt 0:00:30]} hxg5 {[%emt 0:00:30]} 50. hxg5 {[%emt 0:00:00]} Kd7 {[%emt 0:00:24]} 51. Kd5 {[%emt 0:00:00]} Kc7 {[%emt 0:00:00]} 52. c6 {[%emt 0:00:30]} Kd8 {[%emt 0:00:13]} 53. Kd6 {[%emt 0:00:30]} Kc8 {[%emt 0:00:30]} 54. c7 {[%emt 0:00:30]} Kb7 {[%emt 0:00:30]} 55. Kd7 {[%emt 0:00:30]} Ka7 {[%emt 0:00:30]} 56. Kd8 {[%emt 0:00:00]} 1-0

[Event "Turkish Women-ch Arzum 2022"]
[Site "Ayvalik"]
[Date "2022.03.07"]
[Round "4.29"]
[White "Guleryuz, Zeynep"]
[Black "Sezer, Ipek"]
[Result "1-0"]
[WhiteElo "1186"]
[BlackElo "1329"]
[Annotator "NA RC"]
[PlyCount "61"]
[EventDate "2022.03.04"]
[EventType "swiss"]
[EventCountry "TUR"]
[SourceTitle "playchess.com"]
[Source "ChessBase"]
[SourceQuality "1"]
[TimeControl "5400+30"]

1. e4 {[%emt 0:01:00]} c5 {[%emt 0:01:00]} 2. b3 {[%emt 0:00:00]} Nc6 {[%emt 0:01:30]} 3. Bb2 {[%emt 0:00:00]} Nf6 {[%emt 0:00:00]} 4. e5 {[%emt 0:00:30]} Nd5 {[%emt 0:00:00]} 5. Bc4 {[%emt 0:00:30]} Nb6 {[%emt 0:00:30]} 6. Na3 {[%emt 0:03:30]} e6 {[%emt 0:07:30]} 7. Nf3 {[%emt 0:12:30]} a6 {[%emt 0:05:30]} 8. Be2 {[%emt 0:09:30]} g6 {[%emt 0:02:30]} 9. Nc4 {[%emt 0:02:30]} Nxc4 {[%emt 0:01:30]} 10. Bxc4 {[%emt 0:00:30]} Bg7 {[%emt 0:00:00]} 11. Qe2 {[%emt 0:08:30]} d5 {[%emt 0:04:00]} 12. Bd3 {[%emt 0:00:00]} Qc7 {[%emt 0:03:30]} 13. O-O {[%emt 0:05:00]} O-O {[%emt 0:01:30]} 14. Rfe1 {[%emt 0:06:30]} b5 {[%emt 0:07:30]} 15. c4 {[%emt 0:01:30]} bxc4 {[%emt 0:00:30]} 16. bxc4 {[%emt 0:00:30]} d4 {[%emt 0:00:30]} 17. Be4 {[%emt 0:07:30]} Rb8 {[%emt 0:00:30]} 18. Rab1 {[%emt 0:02:30]} Nxe5 {[%emt 0:02:30]} 19. Ba3 {[%emt 0:03:30]} Nxf3+ {[%emt 0:25:30]} 20. Bxf3 {[%emt 0:03:30]} Bd7 {[%emt 0:00:30]} 21. Qd3 {[%emt 0:10:30]} Qa5 {[%emt 0:10:30]} 22. g4 {[%emt 0:09:23]} Bh6 {[%emt 0:05:45]} 23. Rxb8 {[%emt 0:03:50]} Rxb8 {[%emt 0:00:40]} 24. Re5 {[%emt 0:00:18]} Bxd2 {[%emt 0:07:22]} 25. Re2 {[%emt 0:05:53]} Bc3 {[%emt 0:01:38]} 26. Bc1 {[%emt 0:00:06]} Ba1 {[%emt 0:02:29]} 27. Bh6 {[%emt 0:01:43]} Qc3 {[%emt 0:01:18]} 28. Qe4 {[%emt 0:01:30]} Qxc4 {[%emt 0:03:05]} 29. Qe5 {[%emt 0:00:36]} Rb1+ {[%emt 0:00:11]} 30. Re1 {[%emt 0:00:06]} d3 {[%emt 0:02:38]} 31. Qd6 {[%emt 0:01:13]} 1-0

[Event "Turkish Women-ch Arzum 2022"]
[Site "Ayvalik"]
[Date "2022.03.07"]
[Round "4.33"]
[White "Bodur, Ilke Lal"]
[Black "Yalcin, Fahriye Zeynep"]
[Result "1-0"]
[WhiteElo "1151"]
[BlackElo "1260"]
[Annotator "NA RC"]
[PlyCount "67"]
[EventDate "2022.03.04"]
[EventType "swiss"]
[EventCountry "TUR"]
[SourceTitle "playchess.com"]
[Source "ChessBase"]
[SourceQuality "1"]
[TimeControl "5400+30"]

1. e4 {[%emt 0:01:00]} e5 {[%emt 0:05:00]} 2. Nf3 {[%emt 0:00:30]} Nc6 {[%emt 0:00:30]} 3. d4 {[%emt 0:00:00]} exd4 {[%emt 0:00:30]} 4. Bc4 {[%emt 0:00:00]} Bb4+ {[%emt 0:00:00]} 5. c3 {[%emt 0:00:00]} dxc3 {[%emt 0:00:00]} 6. bxc3 {[%emt 0:00:00]} Ba5 {[%emt 0:00:30]} 7. O-O {[%emt 0:00:00]} Nge7 {[%emt 0:06:30]} 8. Ng5 {[%emt 0:08:00]} d5 {[%emt 0:07:30]} 9. exd5 {[%emt 0:02:30]} Ne5 {[%emt 0:01:30]} 10. Bb3 {[%emt 0:08:30]} N7g6 {[%emt 0:08:30]} 11. f4 {[%emt 0:07:30]} Bb6+ {[%emt 0:02:30]} 12. Kh1 {[%emt 0:00:30]} Ng4 {[%emt 0:01:30]} 13. Ba3 {[%emt 0:17:30]} Nxf4 {[%emt 0:11:30]} 14. Qe1+ {[%emt 0:22:30]} Ne3 {[%emt 0:02:30]} 15. Rxf4 {[%emt 0:01:30]} Qxg5 {[%emt 0:00:30]} 16. Re4+ {[%emt 0:00:30]} Kd7 {[%emt 0:01:30]} 17. Ba4+ {[%emt 0:00:00]} c6 {[%emt 0:00:30]} 18. dxc6+ {[%emt 0:00:00]} bxc6 {[%emt 0:00:30]} 19. Re7+ {[%emt 0:01:30]} Kd8 {[%emt 0:01:30]} 20. Qd2+ {[%emt 0:00:00]} Qd5 {[%emt 0:00:30]} 21. Qxd5+ {[%emt 0:01:00]} cxd5 {[%emt 0:00:30]} 22. Rxf7 {[%emt 0:03:30]} Nf5 {[%emt 0:00:30]} 23. Bc6 {[%emt 0:05:30]} Rb8 {[%emt 0:04:30]} 24. Bc1 {[%emt 0:02:03]} Ne3 {[%emt 0:03:30]} 25. Na3 {[%emt 0:04:09]} Be6 {[%emt 0:02:30]} 26. Rf3 {[%emt 0:03:06]} Ng4 {[%emt 0:02:30]} 27. Bg5+ {[%emt 0:01:12]} Kc7 {[%emt 0:01:30]} 28. Re1 {[%emt 0:04:48]} Nf2+ {[%emt 0:02:30]} 29. Rxf2 {[%emt 0:00:42]} Bxf2 {[%emt 0:00:30]} 30. Rxe6 {[%emt 0:00:00]} Rb6 {[%emt 0:00:30]} 31. Nb5+ {[%emt 0:00:06]} Kc8 {[%emt 0:01:30]} 32. Nxa7+ {[%emt 0:01:25]} Kb8 {[%emt 0:00:00]} 33. Nb5 {[%emt 0:00:17]} Rc8 {[%emt 0:02:00]} 34. Bf4+ {[%emt 0:00:24]} 1-0

[Event "Turkish Women-ch Arzum 2022"]
[Site "Ayvalik"]
[Date "2022.03.08"]
[Round "5.1"]
[White "Atalik, Ekaterina"]
[Black "Hereklioglu, Sude"]
[Result "1-0"]
[WhiteElo "2415"]
[BlackElo "1924"]
[Annotator "TA"]
[PlyCount "87"]
[EventDate "2022.03.04"]
[EventType "swiss"]
[EventCountry "TUR"]
[SourceTitle "playchess.com"]
[Source "ChessBase"]
[SourceQuality "1"]

{[%evp 15,87,25,23,4,14,9,11,0,6,2,3,0,0,0,-10,-16,-14,-15,6,0,19,-6,39,0,16,13,20,19,46,0,4,-24,22,39,46,37,79,74,74,78,95,13,53,39,63,70,113,54,54,60,83,78,93,88,137,90,309,309,298,300,581,566,574,548,1282,1281,29993,29994,29994,29995,29995,29996,29996,29997]} 1. d4 Nf6 2. c4 e6 3. Nf3 b6 4. g3 Bb7 5. Bg2 d5 6. cxd5 exd5 7. O-O Bd6 8. Nc3 O-O {8...0-0 scores better than 8...a6.} 9. Nb5 {D02: 1 d4 d5 2 Nf3 sidelines, including 2...Nf6 3 g3 and 2...Nf6 3 Bf4.} Be7 10. Bf4 Na6 11. Rc1 {[%cal Rb5c7] The position is equal.} c6 12. Nc3 Nc7 13. Ne5 {[%cal Oe5c6]} Ne6 14. Qa4 b5 15. Qd1 {[#]} Qb6 $146 ({Predecessor:} 15... Nxf4 16. gxf4 Nd7 17. Nd3 Qb6 18. e3 Rfd8 19. Qc2 a5 20. Nb1 b4 21. Rfd1 Rac8 {0-1 (47) Saric,L (2110)-Toplak,J (2032) Vinkovci 2017}) 16. Be3 Rfd8 17. Bh3 Rac8 (17... Nd7 $5 {[%cal Rd7e5]} 18. Nf3 (18. Bxe6 fxe6 19. Nf3 Rf8 $11) 18... Re8 $11) 18. Nd3 Rb8 (18... Nd7 $11) 19. Nf4 (19. Bxe6 $5 fxe6 20. Nb1 $14) 19... Ng5 20. Bg2 Ng4 21. Bd2 Bc8 (21... Qxd4 $2 22. e3 Nxf2 23. Rxf2 $18 (23. exd4 Nxd1 24. Rfxd1 Bf6 $18)) 22. h3 (22. Nd3 $14) 22... Nf6 $11 23. Be3 Bf5 (23... a5 {is superior.}) 24. g4 Bd7 25. Nd3 $36 {[%mdl 2048] White is pushing.} Nge4 (25... Ne6 $14 {is more appropriate.}) 26. Ne5 $16 Nxc3 27. Rxc3 Rbc8 28. Nxd7 {White is more active.} (28. Qd3 $16) 28... Rxd7 29. Qd3 b4 30. Rc2 Bd6 (30... h6 $14) 31. Rfc1 (31. g5 $16 Ne4 32. Bxe4 dxe4 33. Qxe4) 31... Rdc7 $14 32. Qf5 Re8 {[#]} 33. Bf4 $1 Bxf4 34. Qxf4 Ne4 ({Better is} 34... Rd8) 35. e3 (35. g5 $142) 35... Re6 $2 {Black cannot hold the game after this.} (35... h6 $16) 36. Bxe4 $18 Rxe4 37. Qd6 {[#] White wants to mate with Qd8+.} h5 $2 (37... Re8 38. Rxc6 Rxc6 39. Rxc6 Qd8 40. Qxd8 (40. Qxb4 Qh4 $18) 40... Rxd8) 38. Rxc6 Rxc6 39. Rxc6 {KQR-KQR} Qb5 40. Qd7 {Inhibits Re8. Intending Rc8+ and mate.} Qe2 41. Rc8+ {White mates.} Kh7 42. Qf5+ g6 43. Qxf7+ Kh6 44. Qf8+ {Weighted Error Value: White=0.13 (very precise) /Black=0.58} 1-0

[Event "Turkish Women-ch Arzum 2022"]
[Site "Ayvalik"]
[Date "2022.03.08"]
[Round "5.2"]
[White "Catal, Uktenur"]
[Black "Isgenderova, Hayale"]
[Result "0-1"]
[WhiteElo "1832"]
[BlackElo "2202"]
[Annotator "TA"]
[PlyCount "94"]
[EventDate "2022.03.04"]
[EventType "swiss"]
[EventCountry "TUR"]
[SourceTitle "playchess.com"]
[Source "ChessBase"]
[SourceQuality "1"]

{[%evp 9,94,4,18,12,50,44,51,-14,6,8,47,43,48,29,38,27,72,79,102,22,22,23,28,9,20,24,45,69,77,80,98,63,86,32,18,0,0,0,56,18,74,72,91,83,87,63,80,31,33,0,87,-195,100,97,91,75,233,218,239,174,182,147,210,212,250,-32,-28,-32,-32,-31,-24,-31,-29,-28,-14,-37,-20,-117,-121,-109,-117,-256,-245,-4376,-1954,-6187,-5293]} 1. Nf3 e6 2. d4 f5 3. c4 Nf6 4. Nc3 b6 5. Bg5 Bb7 6. e3 {A85: Dutch Defence: 2 c4 Nf6 3 Nc3.} h6 7. Bxf6 Qxf6 8. Qc2 {[#]} (8. Ne5 $14) 8... Be7 $146 ({Predecessor:} 8... Nc6 9. a3 g5 10. O-O-O Bg7 11. Nb5 Rc8 12. Kb1 a6 13. Nc3 O-O 14. Be2 Na5 {0-1 (64) Henke,S (1661)-Owens,J (1444) LSS email 2018}) 9. O-O-O Na6 10. a3 O-O 11. Bd3 c5 12. d5 Rac8 (12... Nc7 $11) 13. e4 $1 $16 exd5 14. Nxd5 ({Better is} 14. exd5 $16 Nc7 15. g3) 14... Bxd5 $11 15. exd5 Bd6 16. Kb1 Nc7 17. Ka2 b5 18. cxb5 c4 19. Bxc4 (19. Qxc4 Nxb5 20. Qxb5 Rb8 $17) 19... Nxb5 {[%cal Od6a3]} 20. Qb3 a6 21. Bxb5 (21. Rd2 $16) 21... axb5 $14 22. Nd4 b4 {...bxa3 is the strong threat.} 23. axb4 Be5 (23... Qg6 $11) 24. Nc2 (24. d6+ $5 Kh8 25. Nb5 $14) 24... Ra8+ (24... Qb6 $11) 25. Kb1 $16 Rfb8 26. g3 f4 27. Rhe1 d6 28. Re4 (28. h3 $16) 28... fxg3 $1 $14 29. fxg3 (29. f4 $5 Bxf4 30. Qf3 $11) 29... Ra7 (29... Qf2 $11) 30. Na3 $2 {[%mdl 8192] [#]} (30. Qe3 $16 Qf7 31. Qd3) 30... Qf5 $2 ({Black should play} 30... Bxb2 $1 $19 {[%mdl 512]} 31. Nc2 (31. Qxb2 $2 Qf3 $19) 31... Be5) 31. Qd3 Ra4 32. Rc4 Qf6 (32... Qh3 $16) 33. Rf1 Qg5 34. Rf5 Qe7 35. Qb3 Qa7 (35... Raa8 $16 36. b5 Qa7) 36. Rf1 $18 Ra8 {[%cal Oe5b2] [#]} 37. b5 $2 (37. Rfc1 $1 $18 {Threatens to win with Rc8+.} Qf2 38. b5 (38. Qc2 Qf8 $16) 38... Rxc4 39. Nxc4) 37... Rxc4 $15 38. Qxc4 {[#] And now Qd3 would win.} Bxb2 $1 39. Nc2 Be5 {[%mdl 1024] Black has compensation.} 40. Kc1 Qa5 41. Rf3 {Hoping for Ra3.} Rb8 42. Ra3 Qb6 {Strongly threatening ...Qg1+.} 43. Kd2 (43. Ne3 $11 {remains equal.}) 43... Qf2+ 44. Qe2 Qc5 {aiming for ...Rc8. Black is more active.} 45. Qd3 {[#]} (45. Rb3 $17 {is a better defense.}) 45... Rf8 $1 $19 ({Not} 45... Qxb5 46. Qxb5 Rxb5 47. Rd3 $15) 46. Ne1 $2 (46. Kd1) 46... Bb2 {( -> ...Qc1+)} 47. Nf3 Bxa3 {What a bad dream for White.  Weighted Error Value: White=0.67/Black=0.31} 0-1

[Event "Turkish Women-ch Arzum 2022"]
[Site "Ayvalik"]
[Date "2022.03.08"]
[Round "5.3"]
[White "Kalayci, Nino"]
[Black "Kocyigit, Buse Naz"]
[Result "1-0"]
[WhiteElo "1775"]
[BlackElo "2023"]
[Annotator "TA"]
[PlyCount "58"]
[EventDate "2022.03.04"]
[EventType "swiss"]
[EventCountry "TUR"]
[SourceTitle "playchess.com"]
[Source "ChessBase"]
[SourceQuality "1"]

{[%evp 14,58,7,2,10,0,0,0,6,0,0,-6,0,0,14,0,23,0,42,0,18,0,0,-47,-41,-33,0,-37,86,68,106,94,154,134,258,262,330,151,364,-1062,75,74,332,150,2210,1944,1629]} 1. d4 Nf6 2. c4 e6 3. Nf3 b6 4. e3 Bb7 5. Be2 Be7 6. O-O O-O 7. b3 d5 8. Bb2 Nbd7 {A13: English Opening: 1...e6.} 9. Nbd2 c5 10. Rc1 cxd4 {The position is equal.} 11. exd4 Rc8 12. Re1 Ne4 {[#]} 13. Bd3 $146 {[%cal Rd2e4]} ({Predecessor:} 13. a3 Ndf6 14. Ne5 Nxd2 15. Qxd2 Ne4 16. Qc2 Bg5 17. Rcd1 Qc7 18. Nf3 Bf4 19. Bc1 {1-0 (32) Dicen,I (1459)-O'Gorman,B (1734) Hull 2018}) 13... f5 14. Nf1 Bd6 15. Rc2 g5 (15... Ndf6 $11 {might be stronger.}) 16. N3d2 {[%cal Bf3d2,Bd2f1,Bf1g3][%mdl 32]} g4 17. Bxe4 dxe4 18. Ng3 (18. d5 $11 {feels stronger.} h5 19. Ng3 (19. dxe6 Nc5 $17)) 18... Qh4 $15 19. Ndf1 Bb8 20. b4 f4 (20... Qg5 $15 {stays ahead.}) 21. Nxe4 $16 {d5 is the strong threat.} f3 {And now ...fxg2 would win.} 22. d5 $1 fxg2 (22... exd5 $142 23. cxd5 (23. Qd4 $2 Be5 $19) 23... fxg2) 23. Nfg3 Rce8 (23... exd5 $16 24. cxd5 Rce8) 24. Rce2 $18 ({Don't go for} 24. Qd4 $2 Be5 25. Qe3 Bxb2 26. Rxb2 exd5 27. cxd5 Ne5 28. Qg5+ Qxg5 29. Nxg5 Nf3+ 30. Nxf3 gxf3 $19) 24... Be5 {[#]} 25. Qb3 (25. Nc5 $1 $18 {[%mdl 512] is the precise move to win.} bxc5 26. Bxe5 Nxe5 27. Rxe5) 25... Bxb2 (25... exd5 $16 {might work better.} 26. Nd6 Re6 $1 27. Rxe5 Rh6 28. Rg5+ Qxg5) 26. d6 $4 {[%mdl 8192] [#]} (26. Qxb2 $18 exd5 27. Nd6 Rxe2 28. Qxe2) 26... Kg7 $2 27. Qxb2+ $16 Kg6 $2 {[%mdl 8192] [#]} (27... e5 $16 {was called for.}) 28. Qc2 {Really sharp!} (28. Nc5 $1 $18 {[%mdl 512] is more deadly.} bxc5 29. Rxe6+ Rxe6 30. Rxe6+ Kf7 {[#]} 31. Nf5 $1 {[%mdl 512]} Kxe6 32. Nxh4 Kxd6 33. bxc5+ Kc7 34. Qd4) 28... Rc8 $2 (28... Kg7 $16) 29. Nc5+ $18 {Pair of Knights!} Kg7 {Weighted Error Value: White=0.57/Black=0.96} 1-0